Šifra založená na post-komutatívnych kvázigrupách

Salvato in:
Dettagli Bibliografici
Autore principale: Pšenák, Martin (Autore)
Altri autori: Vojvoda, Milan (Relatore della tesi)
Natura: Manoscritto Libro
Lingua:slovacco
Pubblicazione: 2016
Soggetti:
Accesso online:http://is.stuba.sk/zp/portal_zp.pl?podrobnosti=107453
Tags: Aggiungi Tag
Nessun Tag, puoi essere il primo ad aggiungerne!!

MARC

LEADER 00000ntm a22000003a 4500
001 stuzp55817
003 SK-STU
005 20160825125822.3
007 ta
008 150427s2015----xo-----f-mn---000-0-slo-d
040 |a STU  |b slo 
041 0 |a slo 
044 |a xo 
100 1 |a Pšenák, Martin  |u 035000  |4 aut  |U FEI Fakulta elektrotechniky a informatiky  |T FEI Ústav informatiky a matematiky  |X 73079  |U E050  |Y 816  |7 73079 
242 0 1 |a Cipher based on post-commutative quasigroups  |y eng 
245 1 0 |a Šifra založená na post-komutatívnych kvázigrupách 
260 |c 2016 
300 |a 40 s., príl.,  |b CD-ROM 
650 4 |a post-commutative quasigroup  |2 eng 
650 4 |a quasigroup  |2 eng 
650 4 |a stream cipher  |2 eng 
650 4 |a cipher  |2 eng 
650 4 |a post-komutatívna kvázigrupa  |2 slo 
650 4 |a kvázigrupa  |2 slo 
650 4 |a prúdová šifra  |2 slo 
650 4 |a šifra  |2 slo 
700 1 |a Vojvoda, Milan  |u 035000  |k Z1  |4 ths  |U FEI Fakulta elektrotechniky a informatiky  |T FEI Ústav informatiky a matematiky  |X 1885  |U E050  |Y 816  |7 A000001885 
856 4 |u http://is.stuba.sk/zp/portal_zp.pl?podrobnosti=107453 
996 |b 284ER02184  |c E*Bc- 2184  |l EE35  |s P  |a 0  |w stuzp55817_0001 
SQL |a stuzp55817  |b DBP  |c SLO  |d Šifra založená na post-komutatívnych kvázigrupách  |e 73079  |f Pšenák, Martin  |g 035000  |h 1885  |i Vojvoda, Milan  |j 20160706  |k 73  |l 03  |m http://is.stuba.sk/zp/portal_zp.pl?podrobnosti=107453  |n B-API  |o 9.2.9. aplikovaná informatika